Top 5 Songs On BORN LIKE THIS (MF DOOM) - Statistics

General Stats
  • This quiz has been taken 24 times
    16 since last reset
  • The average score is 3 of 5
Answer Stats
Hint Answer % Correct
37,485,063 THAT'S THAT
100%
14,825,975 GAZILLION EAR
92%
5,818,417 ANGELZ
62%
5,839,987 ABSOLUTELY
31%
6,270,896 BALLSKIN
31%
No matching quizzes found
Score Distribution
Percent of People with Each Score
Percentile by Number Answered
Your Score History
You have not taken this quiz since the last reset